| 000 | 00826nam a2200229 a 4500 | ||
|---|---|---|---|
| 001 | BRCA_1117 | ||
| 005 | 20190320203304.0 | ||
| 008 | 980319s1995 gt-a---##b---#000-0#spa-# | ||
| 040 |
_aDLC _cDLC |
||
| 050 | 4 |
_aND2658 _b.L85 1995 |
|
| 100 | 1 |
_aLuján Muñoz, Luis _91328 |
|
| 245 | 1 | 0 |
_aEl paraíso de San Francisco el Alto _cLuis Luján Muñoz, Bruno Frison. |
| 260 |
_aGuatemala _bDepartamento de Estudios e Investigaciones Socioculturales _c1995 |
||
| 300 |
_a64 p. _bil. a color _c22 cm. |
||
| 610 | 2 | 4 |
_aIglesia de San Francisco el Alto _zSan Francisco el Alto (Guatemala) _93685 |
| 650 | 1 | 4 |
_aSantos en el arte _92342 |
| 650 | 1 | 4 |
_aÁngeles en el arte _93686 |
| 650 | 1 | 4 |
_aPintura mural colonial _zGuatemala _93687 |
| 650 | 1 | 4 |
_aPintura mural guatemalteca _zGuatemala _93688 |
| 700 | 1 |
_aFrison, Bruno _93689 |
|
| 942 |
_2lcc _cB |
||
| 999 |
_c996 _d996 |
||